000 00644nam a2200277Ia 4500
005 20260324132855.0
008 008 260324s9999 xx 000 0 eng d
020 _a9780203337714
037 _aEBOOK
040 _aCRL
040 _beng
040 _cCRL
041 _2eng
041 _aeng
084 _qCRL
100 _aMarcel De Haas
_91173451
245 0 _aRussian Security and Air Power, 1992-2002
260 _bTaylor and Francis
260 _c2004
365 _a
365 _b220
856 _uhttp://www.taylorfrancis.com/books/9780203337714
942 _cEBOOK
999 _c1789445
_d1789445